000 00706nam a22001817a 4500
003 UA-OsUOA
001 20087
007 ta
008 20041023b un ||||| |||| 00| 0 ukr d
100 _aСтепанюк А.І.
942 _cSA
040 _aUA-OsUOA
_cUA-OsUOA
_dUA-OsUOA
245 _a"Бібліотекар має бути доброзичливим": У цьому переконана А.І. Степанюк, яка бібл. справі присвятила майже піввіку
_b[Рівнен. держ. обл. б-ка]
300 _aС.5
955 _a0
773 0 _w0
_tПанорама
_dРівне
_d2004
_g№38/1 жовт./
650 7 _aКраєзнавча робота
_2UDC
999 _c306260
_d306260